[Event "AUTO-ADV-2186"]
[Site "http://www.queenalice.com/game.php?id=947931"]
[Date "2011.6.9"]
[Round "1"]
[White "sandromm"]
[Black "Donyelko"]
[Result "0-1"]
[WhiteElo "1682"]
[BlackElo "1947"]

1. e4 c5 2. Nf3 a6 3. Bc4 e6 4. c3 b5 5. Bd3 c4 6. Bc2 Bb7 7. O-O h6 8. d4 cxd3
9. Qxd3 Bc5 10. b4 Bb6 11. c4 Bc6 12. c5 Bc7 13. Nc3 Ne7 14. Qd4 O-O 15. Qd3 e5
16. Nd5 Bb7 17. Nxc7 Qxc7 18. Bb2 Nbc6 19. Bb3 Nxb4 20. Qc3 a5 21. a3 Nbc6 22.
Nxe5 Nxe5 23. Qxe5 Qxe5 24. Bxe5 Ng6 25. Bd6 Rfe8 26. f3 Ne7 27. a4 b4 28. Bc4
Bc6 29. e5 Nc8 30. Bb5 Nxd6 31. exd6 Rab8 32. Bxc6 dxc6 33. Rfd1 Rbd8 34. d7 Re6
35. Rd3 Kf8 36. Rad1 Ke7 37. f4 Re4 38. g3 g5 39. fxg5 hxg5 40. Kf2 Rc4 41. Re3+
Kf8 42. Re5 f6 43. Re6 Kf7 44. Rdd6 Rxc5 45. Rxf6+ Ke7 46. Rg6 Rf5+ 47. Kg2 c5
48. g4 Re5 49. Rd2 c4 50. Ra6 Rxd7 51. Rxd7+ Kxd7 52. Ra7+ Kc6 53. Ra8 c3 54.
Rc8+ Kd5 55. h3 Kd4 56. Rd8+ Kc4 57. Kf3 Kb3 0-1

[Event "AUTO-ADV-2186"]
[Site "http://www.queenalice.com/game.php?id=947946"]
[Date "2011.6.9"]
[Round "1"]
[White "thewhitebishop"]
[Black "sandromm"]
[Result "1-0"]
[WhiteElo "1952"]
[BlackElo "1704"]

1. d4 d5 2. c4 dxc4 3. e4 e6 4. Bxc4 a6 5. f4 Bb4+ 6. Bd2 Bxd2+ 7. Qxd2 Ne7 8.
Nf3 b5 9. Bd3 O-O 10. Nc3 Bb7 11. O-O Ng6 12. Ne2 Nd7 13. Ng3 Nf6 14. f5 exf5
15. exf5 Ne7 16. Rac1 Ned5 17. Ne5 Qd6 18. Ne4 Nxe4 19. Bxe4 c6 20. Rc5 a5 21.
f6 Nxf6 22. Bxc6 Bxc6 23. Rxc6 Qb4 24. Qxb4 axb4 25. Ra1 b3 26. a3 b4 27. a4 Ne4
28. a5 Rfd8 29. Nf3 f5 30. a6 g5 31. Rd1 Rd5 32. Rb6 g4 33. Ne5 Ra5 34. Rxb4
R8xa6 35. Rxb3 Ra1 36. Rd3 R1a2 37. b4 Rb2 38. d5 Rxb4 39. d6 Nc5 40. Rd5 Ne6
41. d7 Nd8 42. Rc1 Ra8 43. Nc6 Rba4 44. Rxf5 Nxc6 45. Rxc6 Ra1+ 46. Kf2 R1a2+
47. Kg3 R2a3+ 48. Kxg4 R8a4+ 49. Kh5 Rd4 50. Rc8+ Kg7 51. d8=Q 1-0

[Event "AUTO-ADV-2186"]
[Site "http://www.queenalice.com/game.php?id=947947"]
[Date "2011.6.9"]
[Round "1"]
[White "sandromm"]
[Black "thewhitebishop"]
[Result "0-1"]
[WhiteElo "1711"]
[BlackElo "1945"]

1. e4 Nf6 2. e5 Nd5 3. Nf3 c5 4. Bc4 Nb6 5. Be2 Nc6 6. O-O Qc7 7. c3 Nxe5 8. d4
cxd4 9. cxd4 Nc6 10. Nc3 a6 11. Re1 e6 12. Bf1 d5 13. g3 Bd6 14. Bg2 Bd7 15. Bg5
f6 16. Bf4 e5 17. dxe5 fxe5 18. Bd2 O-O 19. Qc2 Bf5 20. Qb3 Na5 21. Qd1 Nac4 22.
b3 Nb2 23. Qe2 Bd3 24. Qe3 d4 25. Qg5 Rf5 26. Qh4 dxc3 27. Be3 Nd5 28. Ng5 Nf6
29. Ne6 Qe7 30. Ng5 e4 31. Bd4 Bb4 32. Bxf6 gxf6 33. Nxe4 Re8 34. Nxf6+ Rxf6 35.
Rxe7 Bxe7 36. Bd5+ Kg7 37. Qg4+ Rg6 38. Qd7 Kf8 39. Bxb7 Rd6 40. Qg4 Bf6 41. Qf4
Rde6 42. Bd5 Re1+ 43. Rxe1 Rxe1+ 44. Kg2 Bf1+ 45. Kf3 Be2+ 46. Ke3 Bc4+ 47. Kf3
Bxd5+ 48. Kg4 Re4 49. Kf5 Rxf4+ 50. gxf4 Kf7 0-1

[Event "AUTO-ADV-2186"]
[Site "http://www.queenalice.com/game.php?id=947958"]
[Date "2011.6.9"]
[Round "1"]
[White "sandromm"]
[Black "afonso092"]
[Result "1/2-1/2"]
[WhiteElo "1689"]
[BlackElo "1995"]

1. e4 e5 2. Nf3 d6 3. Bc4 h6 4. h3 Nf6 5. d3 Be7 6. c3 O-O 7. O-O a6 8. Bb3 Nc6
9. Nbd2 Be6 10. Bc2 Nh7 11. h4 Bxh4 12. Nxh4 Qxh4 13. Nf3 Qh5 14. Qd2 f5 15. Bd1
Qf7 16. g3 fxe4 17. dxe4 Bh3 18. Re1 Bg4 19. Nh2 Bxd1 20. Rxd1 Ng5 21. Qd5 Qxd5
22. exd5 Ne7 23. c4 Ne4 24. f3 Nc5 25. b4 Nd7 26. Ng4 Rxf3 27. Kg2 Rff8 28. Be3
Nf5 29. Bf2 Nf6 30. Nxf6+ Rxf6 31. a4 Raf8 32. g4 Ne7 33. Bh4 R6f7 34. b5 axb5
35. axb5 Ng6 36. Bg3 Nf4+ 37. Bxf4 Rxf4 38. Ra7 Rxg4+ 39. Kh3 Rxc4 40. Rxb7 Rf7
41. Ra1 Rd4 42. Ra8+ Kh7 43. b6 Rd3+ 44. Kg2 Rb3 45. bxc7 Rxb7 46. c8=Q Rb2+ 47.
Kg1 Rff2 48. Qh8+ Kg6 49. Qe8+ Kh7 50. Qh8+ Kg6 1/2-1/2

[Event "AUTO-ADV-2186"]
[Site "http://www.queenalice.com/game.php?id=947959"]
[Date "2011.6.9"]
[Round "1"]
[White "afonso092"]
[Black "sandromm"]
[Result "1-0"]
[WhiteElo "2033"]
[BlackElo "1667"]

1. e4 c5 2. Nf3 Nf6 3. Nc3 e6 4. d4 cxd4 5. Qxd4 Nc6 6. Qd1 Bb4 7. Bd3 d6 8. Bd2
Bc5 9. O-O O-O 10. Bg5 h6 11. Bh4 Ne5 12. Nxe5 dxe5 13. a3 g5 14. Bg3 Bd4 15. h3
Bd7 16. Rb1 b6 17. Kh1 Nh5 18. Qxh5 f5 19. exf5 exf5 20. Qg6+ Kh8 21. Qxh6+ Kg8
22. Bc4+ Rf7 23. Qg6+ Kh8 24. Qxf7 f4 25. Bh2 Qc7 26. Qf6+ Kh7 27. Bd3+ Kg8 28.
Qxg5+ Kf8 29. Nd5 Qd6 30. Qf6+ Qxf6 31. Nxf6 Be6 32. Ng4 Bxg4 33. hxg4 Kf7 34.
c3 Bc5 35. Rbe1 1-0

[Event "AUTO-OPEN-2385"]
[Site "http://www.queenalice.com/game.php?id=947972"]
[Date "2011.6.9"]
[Round "1"]
[White "sandromm"]
[Black "phystutordotcom"]
[Result "0-1"]
[WhiteElo "1684"]
[BlackElo "2178"]

1. d4 d6 2. e4 Nf6 3. Nc3 e5 4. d5 Nbd7 5. Bg5 Be7 6. Qd2 Nxd5 7. Bxe7 Nxe7 8.
Bb5 O-O 9. Nf3 f5 10. exf5 Nxf5 11. Bd3 Nf6 12. Ng5 c6 13. O-O-O d5 14. Bxf5
Bxf5 15. h3 Qd6 16. Kb1 Rae8 17. g4 Bg6 18. h4 Nxg4 19. f3 Nf6 20. Ne2 Nh5 21.
b3 h6 22. Nh3 Rxf3 23. Rhg1 Rxh3 24. Qe1 Rh2 25. Nc3 Bxc2+ 26. Ka1 Bxd1 27. Qxd1
Qa3 28. Na4 Qxa2# 0-1

[Event "AUTO-OPEN-2385"]
[Site "http://www.queenalice.com/game.php?id=947973"]
[Date "2011.6.9"]
[Round "1"]
[White "phystutordotcom"]
[Black "sandromm"]
[Result "1-0"]
[WhiteElo "2165"]
[BlackElo "1697"]

1. Nf3 Nf6 2. d3 e6 3. e4 Nc6 4. Nbd2 Bb4 5. c3 Bc5 6. Be2 O-O 7. O-O d5 8. e5
Nd7 9. d4 Bb6 10. Ne1 Ne7 11. f4 Ng6 12. f5 exf5 13. Rxf5 c5 14. Nf1 cxd4 15.
cxd4 Nh4 16. Bg5 Nf6 17. Rf2 h6 18. Bxh4 g5 19. Bxg5 hxg5 20. exf6 Bf5 21. Rxf5
Qd7 22. Bg4 Qb5 23. Rxg5+ Kh8 24. Rh5+ Kg8 25. Bf5 Rfe8 26. Qg4+ Kf8 27. Rh8#
1-0

[Event "AUTO-OPEN-2385"]
[Site "http://www.queenalice.com/game.php?id=947974"]
[Date "2011.6.9"]
[Round "1"]
[White "sandromm"]
[Black "Marquinhos"]
[Result "0-1"]
[WhiteElo "1740"]
[BlackElo "2497"]

1. d4 Nf6 2. c4 g6 3. Nc3 Bg7 4. e4 d6 5. Bg5 h6 6. Be3 Ng4 7. h3 Nxe3 8. fxe3
e5 9. Nf3 exd4 10. exd4 O-O 11. Qd3 c5 12. d5 Nd7 13. O-O-O Qa5 14. a3 Re8 15.
Nb5 a6 16. Nxd6 Qb6 17. e5 Nxe5 18. Nxe5 Bxe5 19. Nb5 axb5 20. cxb5 Bf5 21. Qc4
Qd6 22. Be2 Bf4+ 23. Rd2 Re4 24. Qa2 Rxe2 25. Kd1 Rxd2+ 0-1

[Event "AUTO-OPEN-2385"]
[Site "http://www.queenalice.com/game.php?id=947975"]
[Date "2011.6.9"]
[Round "1"]
[White "Marquinhos"]
[Black "sandromm"]
[Result "1-0"]
[WhiteElo "2498"]
[BlackElo "1751"]

1. d4 d5 2. Nf3 Nf6 3. c4 c6 4. Nc3 Bf5 5. cxd5 Nxd5 6. Nd2 e6 7. e4 Nxc3 8.
bxc3 Bg6 9. Bd3 Be7 10. O-O f5 11. Qb3 fxe4 12. Qxb7 Nd7 13. Bxe4 Bxe4 14. Nxe4
O-O 15. Qxc6 Rc8 16. Qxe6+ Kh8 17. Rb1 Nb6 18. Rb5 Bf6 19. Rh5 g6 20. Bg5 Bxg5
21. Rxg5 Re8 22. Qf6+ Qxf6 23. Nxf6 Re6 24. Nd5 Nxd5 25. Rxd5 Rxc3 26. Rd8+ Kg7
27. Rd7+ Kh6 28. Rxa7 Rd6 29. Re1 Rxd4 30. g3 Rcc4 31. Ree7 Rc2 32. Rxh7+ Kg5
33. Raf7 Rxa2 34. Kg2 1-0

[Event "AUTO-ADV-1978"]
[Site "http://www.queenalice.com/game.php?id=956892"]
[Date "2011.7.4"]
[Round "2"]
[White "sandromm"]
[Black "falekhine"]
[Result "1-0"]
[WhiteElo "1710"]
[BlackElo "2077"]

1. e4 c6 2. Nf3 d5 3. e5 Bg4 4. Be2 e6 5. h3 Bh5 6. g4 Bg6 7. h4 h6 8. h5 Be4 9.
d3 Bh7 10. Bf4 d4 11. Nbd2 Bb4 12. a3 Bxd2+ 13. Nxd2 Nd7 14. Bh2 Ne7 15. Nb3 Qb6
16. Bg1 c5 17. Nd2 Nxe5 18. f4 Nd7 19. Nc4 Qc6 20. Bf3 Nd5 21. Qe2 Kd8 22. O-O-O
b5 23. Na5 Qc7 24. Nb3 Qxf4+ 25. Kb1 Rc8 26. Bh2 Qg5 27. Bd6 Rc6 28. Bg3 Rb6 29.
Bh4 Qxh4 30. Rxh4 Re8 31. Be4 Bxe4 32. Qxe4 Kc7 33. Qh7 Ne5 34. Qxg7 Reb8 35.
Qxe5+ 1-0

[Event "AUTO-ADV-1978"]
[Site "http://www.queenalice.com/game.php?id=956893"]
[Date "2011.7.4"]
[Round "2"]
[White "falekhine"]
[Black "sandromm"]
[Result "1-0"]
[WhiteElo "2028"]
[BlackElo "1756"]

1. d4 d5 2. c4 c6 3. Nc3 e6 4. e3 Bb4 5. Bd2 a6 6. Nf3 f6 7. cxd5 cxd5 8. Rc1
Nc6 9. a3 Bd6 10. Bd3 Nge7 11. Qc2 g6 12. Ne2 Kf7 13. b4 Bd7 14. Ng3 Rc8 15. Qb1
b5 16. e4 dxe4 17. Nxe4 Bb8 18. Nc5 Nd5 19. O-O f5 20. Rfe1 Re8 21. Re2 Bd6 22.
Bg5 Qc7 23. Nxa6 Qa7 24. Bxb5 Qb6 25. Bxc6 Rxc6 26. Rxc6 Bxc6 27. Nc5 Nc3 28.
Qe1 Nxe2+ 29. Qxe2 Bb5 30. Ne5+ Kg7 31. Qe3 Qa7 32. Bh6+ Kg8 33. h4 Bf8 34. Bxf8
Rxf8 35. Nxe6 Re8 36. Qb3 Kh8 37. d5 Re7 38. Qc3 Rxe6 39. dxe6 Qe7 40. Nf7+ Kg8
41. Qh8# 1-0